000 00647nam a2200181 a 4500
008 100322s2005 ||||||||||||||||| || u
020 _a0131248510
050 _aHD 31 Hit
100 _aHitt, Michael A
245 1 0 _aManagement
_cMichael A. Hitt, J. Stewart Black and Lyman W. Porter
260 _aUpper Saddle River, N. J.:
_bPearson
_c2005
300 _axxxvi, 694p.: ill.
350 _a0.00
650 0 _aMANAGEMENT
700 _aPorter, Lyman W
700 _aBlack, J. Stewart
995 _D0.00
_FCBU-MAIN LIBRARY (Kitwe)
_H1
_I0.00
_M1
_UDAMAGED
_WMay 11, 2010
_ZMain Library Open Access Collection
999 _c49816
_d49816